All Cities and Towns in Northern Virginia on a Map - Statistics

General Stats
  • This quiz has been taken 300 times
  • The average score is 7 of 19
Answers on the Map
Answers color-coded by a green-red scale on the quiz's map according to % correct below.
 
Answer Stats
Population City % Correct
159,428 Alexandria
91%
24,019 Fairfax
87%
41,085 Manassas
69%
53,727 Leesburg
65%
14,617 Falls Church
64%
16,485 Vienna
49%
24,601 Herndon
47%
17,478 Manassas Park
46%
553 Quantico
32%
10,178 Purcellville
28%
293 Clifton
23%
1,086 Occoquan
23%
5,922 Dumfries
21%
1,676 Haymarket
20%
834 Middleburg
18%
2,198 Lovettsville
17%
629 Hamilton
13%
656 Round Hill
13%
169 Hillsboro
10%
No matching quizzes found
Score Distribution
Percent of People with Each Score
Percentile by Number Answered
Your Score History
You have not taken this quiz